Defining sustainable development for our common future : (Registro nro. 8985)
[ vista simple ]
| 000 -CABECERA | |
|---|---|
| Campo de control | 01700cam a22002534i 4500 |
| 005 - FECHA Y HORA DE LA ULTIMA TRANSACCION | |
| Campo de control | 20150121020002.0 |
| 008 - ELEMENTOS DE LONGITUD FIJA—INFORMACION GENERAL | |
| Campo de control | 130617s2014 enk b 001 0 eng |
| 020 ## - ISBN | |
| ISBN | 9780415825504 (hardback) |
| 020 ## - ISBN | |
| ISBN | 9780203383797 (ebk) |
| 040 ## - FUENTE DE CATALOGACIÓN | |
| Agencia catalogadora original | DLC |
| Agencia transcriptora | DLC |
| Agencia Modificadora | DLC |
| -- | Co-BoIAVH |
| 041 ## - IDIOMA | |
| Código de idioma para texto/pista de sonido o título separado | Inglés |
| 044 ## - PAÍS DE PUBLICACIÓN | |
| País de publicación | Estados Unidos |
| 082 00 - NUMERO DE CLASIFICACION DECIMAL DEWEY | |
| Número de clasificación | 338.927 |
| Número del ítem | B73d |
| 100 1# - ASIENTO PRINCIPAL--NOMBRE PERSONAL | |
| Nombre personal | Borowy, Iris, |
| Fechas asociadas con el nombre | 1962- |
| 245 10 - MENCION DE TITULO | |
| Título | Defining sustainable development for our common future : |
| Parte restante del título | a history of the World Commission on Environment and Development (Brundtland Commission) / |
| Mención de responsabilidad | Iris Borowy. |
| 260 ## - PUBLICACION, DISTRIBUCION, ETC. (PIE DE IMPRENTA) | |
| Lugar de publicación, distribución, etc. | Abindong, Oxon ; |
| -- | New York : |
| Nombre del editor, distribuidor, etc. | Routledge, |
| Fecha de publicación, distribución, etc. | 2014. |
| 300 ## - DESCRIPCION FISICA | |
| Extensión | xv, 260 p.; |
| Dimensiones | 24 cm. |
| 504 ## - NOTA DE BIBLIOGRAFIA, ETC. | |
| Nota de bibliografía | Incluye referencias bibliográficas (p. 244-253) e índice. |
| 520 ## - NOTA DE RESUMEN, ETC. | |
| Nota de resumen | La Comisión Mundial de las Naciones Unidas sobre el Medio Ambiente y el Desarrollo, presidido por el ex primer ministro noruego Gro Harlem Brundtland, alertó al mundo sobre la urgencia de avanzar hacia un desarrollo económico que podría sostenerse sin agotar los recursos naturales o dañar el medio ambiente. Escrito por un grupo internacional de políticos, funcionarios y expertos en medio ambiente y desarrollo, el Informe Brundtland cambió el desarrollo sostenible de una noción física a uno basado en los temas sociales, económicos y ambientales. Este libro coloca la Comisión Brundtland como un evento clave dentro de una serie más larga de las reacciones internacionales a los acuciantes problemas de la pobreza mundial y la degradación ambiental |
| 610 20 - ASIENTO SECUNDARIO DE MATERIA - NOMBRE CORPORATIVO | |
| Nombre corporativo o nombre de la jurisdicción como elemento de entrad | World Commission on Environment and Development. |
| 650 #0 - ASIENTO SECUNDARIO DE MATERIA - TERMINO TEMATICO | |
| Término temático o nombre geográfico como elemento de entrada | Sustainable development. |
| 650 #0 - ASIENTO SECUNDARIO DE MATERIA - TERMINO TEMATICO | |
| Término temático o nombre geográfico como elemento de entrada | Environmental policy. |
| 942 ## - ELEMENTOS ADICIONALES (KOHA) | |
| Sistema de clasificación | Dewey Decimal Classification |
| Tipo de ítem | Libro |
| Koha issues (borrowed), all copies | 1 |
| Withdrawn status | Lost status | Sistema de Clasificación | Damaged status | No para préstamo | Colección | Inventariado | Ubicación Permanente | Ubicación actual | Fecha de adquisición | Fuente de Valor | Valor | Total Checkouts | Total Renewals | Número topográfico | Inventario / Código de Barras | Date last seen | Date checked out | Ejemplar | Price effective from | Forma de adquisición | Tipo de material |
|---|---|---|---|---|---|---|---|---|---|---|---|---|---|---|---|---|---|---|---|---|---|
| Dewey Decimal Classification | General | Inventariado 2017 | Bogotá | Bogotá | 15/01/2015 | Instituto | 39000.00 | 1 | 1 | LB-338.927 B73d | 038482 | 07/04/2015 | 20/01/2015 | Ej. 1 | 15/01/2015 | Compra | Libro |